A popular version of the Kriegler (IREC) and Waki (CIPEV) : (Record no. 13749)
[ view plain ]
| 000 -LEADER | |
|---|---|
| fixed length control field | 00849nam a22002292 4500 |
| 001 - CONTROL NUMBER | |
| control field | 0000020004 |
| 005 - DATE AND TIME OF LATEST TRANSACTION | |
| control field | 20151217155904.0 |
| 008 - FIXED-LENGTH DATA ELEMENTS--GENERAL INFORMATION | |
| fixed length control field | 110524s xx 000 0 eng d |
| 020 ## - INTERNATIONAL STANDARD BOOK NUMBER | |
| International Standard Book Number | 9966958312 : |
| 040 ## - CATALOGING SOURCE | |
| Original cataloging agency | KABU |
| Transcribing agency | KABU |
| 245 12 - TITLE STATEMENT | |
| Title | A popular version of the Kriegler (IREC) and Waki (CIPEV) : |
| Remainder of title | Findings and recommendations. |
| 250 ## - EDITION STATEMENT | |
| Edition statement | 1st ed. |
| 260 ## - PUBLICATION, DISTRIBUTION, ETC. (IMPRINT) | |
| Place of publication, distribution, etc. | Nairobi, Kenya : |
| Name of publisher, distributor, etc. | Kenyan section of the international commission of jurists, |
| Date of publication, distribution, etc. | 2010. |
| 300 ## - PHYSICAL DESCRIPTION | |
| Extent | ix, 57 p. |
| 650 #0 - SUBJECT ADDED ENTRY--TOPICAL TERM | |
| Topical term or geographic name as entry element | Elections |
| General subdivision | corrupt practices |
| Geographic subdivision | Kenya. |
| -- | 0000180035 |
| 650 #0 - SUBJECT ADDED ENTRY--TOPICAL TERM | |
| Topical term or geographic name as entry element | political violence |
| Geographic subdivision | Kenya. |
| -- | 0000180036 |
| 650 #0 - SUBJECT ADDED ENTRY--TOPICAL TERM | |
| Topical term or geographic name as entry element | Politics and government |
| Chronological subdivision | 2002 |
| Geographic subdivision | Kenya. |
| -- | 0000180037 |
| 710 2# - ADDED ENTRY--CORPORATE NAME | |
| Corporate name or jurisdiction name as entry element | International commission of jurists. |
| Subordinate unit | Kenya section. |
| -- | 0000180032 |
| 908 ## - PUT COMMAND PARAMETER (RLIN) | |
| Put command parameter | 110524 |
| 950 ## - LOCAL HOLDINGS (RLIN) | |
| -- | 1 |
| Withdrawn status | Lost status | Source of classification or shelving scheme | Not for loan | Home library | Current library | Date acquired | Total Checkouts | Full call number | Barcode | Date last seen | Price effective from | Koha item type |
|---|---|---|---|---|---|---|---|---|---|---|---|---|
| Library of Congress Classification | Kabarak, Main Campus | Kabarak, Main Campus | 17/12/2015 | JQ2947 .A975K75 2010 c.1 | 21848 | 17/12/2015 | 17/12/2015 | Africana Collection |